Statystyki dla Państwa, które w całości są oblewane morzem lub oceanem

Kliknij tutaj aby rozwiązać quiz!

Ogólne statystyki

  • Ten quiz został rozwiązany 44 razy
  • Średni wynik to 29 z 38

Statystyki odpowiedzi

Odpowiedź% Poprawnych
Japonia
97%
Malta
97%
Australia
90%
Cypr
90%
Nowa Zelandia
90%
Seszele
90%
Palau
87%
Fidżi
83%
Madagaskar
83%
Wyspy Salomona
80%
Antigua i Barbuda
77%
Dominika
77%
Jamajka
77%
Kuba
77%
Malediwy
77%
Nauru
77%
Samoa
77%
Wyspy Świętego Tomasza i Książęca
77%
Bahamy
73%
Filipiny
73%
Islandia
73%
Kiribati
73%
Komory
73%
Mikronezja
73%
Republika Zielonego Przylądka
73%
Saint Kitts i Nevis
73%
Saint Vincent i Grenadyny
73%
Tonga
73%
Tuvalu
73%
Wyspy Marshalla
73%
Barbados
70%
Saint Lucia
70%
Sri Lanka
70%
Tajwan
70%
Trynidad i Tobago
70%
Vanuatu
70%
Mauritius
67%
Grenada
63%

Rozkład punktacji

Percentyl według liczby udzielonych odpowiedzi

Procent ludzi z każdym wynikiem

Twoja historia wyników

Nie rozwiązałeś tego quizu